[Event "Madrid-ch Semifinal A"]
[Site "Madrid ESP"]
[Date "2016.03.14"]
[Round "4.15"]
[White "Ruiz Quevedo, Andres"]
[Black "Pashov, Spas Nikolov"]
[Result "1-0"]
[WhiteElo "1896"]
[BlackElo "1834"]
[PlyCount "77"]
[EventDate "2016.03.07"]
[EventType "swiss"]
[EventRounds "9"]
[EventCountry "ESP"]
[Source "lmi"]
[SourceDate "2016.03.07"]

1. c4 Nf6 2. g3 d5 3. cxd5 Nxd5 4. Bg2 g6 5. Nc3 c6 6. Nf3 Bg7 7. O-O O-O 8. d4
e6 9. e4 Nxc3 10. bxc3 Qa5 11. Qb3 c5 12. Be3 b6 13. Rfd1 Bb7 14. Nd2 cxd4 15.
cxd4 Nc6 16. Nc4 Qb4 17. Qxb4 Nxb4 18. Nd6 Ba6 19. e5 Nd5 20. Bxd5 exd5 21.
Rac1 Bc8 22. Rc7 Be6 23. Rdc1 h6 24. Rb7 Rfb8 25. Rxb8+ Rxb8 26. Rc7 a6 27. Kg2
Bf8 28. Ra7 a5 29. Ra6 Kg7 30. h4 Be7 31. Kf3 Bd8 32. Ra7 b5 33. Nxf7 Bb6 34.
Bxh6+ Kg8 35. Re7 Bxf7 36. e6 Be8 37. Bg7 b4 38. Be5 Bd8 39. Rxe8+ 1-0

[Event "Madrid-ch Semifinal A"]
[Site "Madrid ESP"]
[Date "2016.03.14"]
[Round "4.16"]
[White "Camarero Izquierdo, Juan Carlos"]
[Black "Lozano Sanchez, Jose Antonio"]
[Result "1/2-1/2"]
[WhiteElo "1844"]
[BlackElo "1886"]
[PlyCount "146"]
[EventDate "2016.03.07"]
[EventType "swiss"]
[EventRounds "9"]
[EventCountry "ESP"]
[Source "lmi"]
[SourceDate "2016.03.07"]

1. d4 d5 2. Nc3 Nf6 3. Bg5 e6 4. e4 dxe4 5. Nxe4 Be7 6. Bxf6 Bxf6 7. Nf3 Nd7 8.
Qd3 Be7 9. O-O-O Nf6 10. Nc3 a6 11. Ne5 Nd5 12. Ne4 f6 13. Nf3 Nb4 14. Qa3 Bd7
15. Nc5 Nd5 16. Qb3 Bxc5 17. dxc5 Rb8 18. Bc4 c6 19. Kb1 O-O 20. Rhe1 Re8 21.
Nd4 Kf8 22. Bxd5 cxd5 23. f4 Qc7 24. f5 e5 25. Ne6+ Bxe6 26. fxe6 Qxc5 27. Rxd5
Qc6 28. Qb4+ Kg8 29. Rd6 Qxg2 30. Qb3 Re7 31. Red1 g6 32. a3 Rbe8 33. h4 Qg4
34. h5 Qxh5 35. Rd7 Qg4 36. Qxb7 Qxe6 37. c4 Kf7 38. c5 e4 39. c6 e3 40. Rxe7+
Rxe7 41. c7 e2 42. Re1 Qf5+ 43. Ka1 Qa5 44. Rxe2 Rxc7 45. Qb3+ Kg7 46. Qe3 Qc5
47. Qe8 Qc1+ 48. Ka2 Qc4+ 49. Ka1 Qf7 50. Qe3 g5 51. Re1 h6 52. Qe2 Qc4 53. Qh2
Qf4 54. Qh1 Kg6 55. Rf1 Qc4 56. Qf3 Rc5 57. Qxf6+ Kh5 58. Rh1+ Kg4 59. Qxh6 Kf5
60. Qh7+ Kf4 61. Qh2+ Kf5 62. Qf2+ Kg6 63. Rf1 Qd5 64. Qf6+ Kh5 65. Qh8+ Kg4
66. Rg1+ Kf5 67. Qh7+ Kf4 68. Qh2+ Kf5 69. Qg3 Kg6 70. Qe3 Rb5 71. Qe8+ Qf7 72.
Qa8 Qf6 73. Qe4+ Qf5 1/2-1/2

[Event "Madrid-ch Semifinal A"]
[Site "Madrid ESP"]
[Date "2016.03.14"]
[Round "4.17"]
[White "Martin-Consuegra Barrilero, Francisco Javier"]
[Black "Garcia Gutierrez, Jose"]
[Result "1/2-1/2"]
[WhiteElo "1841"]
[BlackElo "1947"]
[PlyCount "69"]
[EventDate "2016.03.07"]
[EventType "swiss"]
[EventRounds "9"]
[EventCountry "ESP"]
[Source "lmi"]
[SourceDate "2016.03.07"]

1. d4 d5 2. Nf3 Nf6 3. e3 b6 4. Bd3 Bb7 5. a4 a6 6. O-O e6 7. c4 Be7 8. Nc3 O-O
9. Nd2 Bb4 10. Qc2 c5 11. cxd5 Bxc3 12. bxc3 exd5 13. dxc5 bxc5 14. Ba3 Qc7 15.
Be2 Re8 16. Bf3 Nbd7 17. g3 Rac8 18. Bb2 d4 19. cxd4 Bxf3 20. Nxf3 Qb7 21. Qe2
c4 22. Rfc1 Ne4 23. Bc3 Ndf6 24. Nd2 Ng5 25. f3 Ng4 26. e4 Nh3+ 27. Kg2 Nhf2
28. Rcb1 Qc6 29. h3 Nxh3 30. fxg4 Ng5 31. Re1 Qh6 32. Rh1 Qc6 33. Rhe1 Qh6 34.
Rh1 Qc6 35. Rhe1 1/2-1/2

[Event "Madrid-ch Semifinal A"]
[Site "Madrid ESP"]
[Date "2016.03.15"]
[Round "5.1"]
[White "Longa Yauca, Javier"]
[Black "Iagar, Razvan-Gabriel"]
[Result "1/2-1/2"]
[WhiteElo "2276"]
[BlackElo "2136"]
[PlyCount "126"]
[EventDate "2016.03.07"]
[EventType "swiss"]
[EventRounds "9"]
[EventCountry "ESP"]
[Source "lmi"]
[SourceDate "2016.03.07"]

1. e4 e6 2. d4 d5 3. Nd2 c5 4. exd5 Qxd5 5. Ngf3 cxd4 6. Bc4 Qd6 7. O-O Nf6 8.
Qe2 Nc6 9. Bb5 Bd7 10. Nc4 Qc7 11. Bg5 Be7 12. Bh4 Qf4 13. Bg3 Qe4 14. Rfe1
Qxe2 15. Rxe2 O-O 16. Bxc6 Bxc6 17. Nxd4 Bd5 18. Ne5 Rfd8 19. c3 Nh5 20. Ree1
Nxg3 21. hxg3 f6 22. Ng4 e5 23. Nf5 Bf8 24. Red1 Be6 25. Nge3 g6 26. Nh4 Be7
27. b3 Rxd1+ 28. Rxd1 Rd8 29. Rxd8+ Bxd8 30. Nf3 h5 31. Nd2 Kf7 32. Ne4 Be7 33.
c4 Ke8 34. Kf1 Kd7 35. Ke2 Kc6 36. f3 a6 37. Nc3 a5 38. Ned5 Bd8 39. Kd3 Bf7
40. a3 Be6 41. b4 axb4 42. axb4 f5 43. f4 exf4 44. gxf4 g5 45. Kd4 gxf4 46. Ke5
Bd7 47. Nb5 b6 48. Nd4+ Kb7 49. b5 Bc7+ 50. Nxc7 Kxc7 51. Nf3 Bc8 52. Ng5 h4
53. Nf3 Bb7 54. Nxh4 Be4 55. Nf3 Kd7 56. Nh4 Kc7 57. Nf3 Kd7 58. Ne1 Ke7 59.
Kxf4 Kd6 60. g4 Kc5 61. gxf5 Bxf5 62. Kxf5 Kxc4 63. Ke4 Kxb5 1/2-1/2

[Event "Madrid-ch Semifinal A"]
[Site "Madrid ESP"]
[Date "2016.03.15"]
[Round "5.2"]
[White "Pastor Alonso De Prado, Alberto"]
[Black "Nuñez Miranda, Adrian"]
[Result "1-0"]
[WhiteElo "2141"]
[BlackElo "2120"]
[PlyCount "85"]
[EventDate "2016.03.07"]
[EventType "swiss"]
[EventRounds "9"]
[EventCountry "ESP"]
[Source "lmi"]
[SourceDate "2016.03.07"]

1. e4 c5 2. c3 Nf6 3. e5 Nd5 4. d4 e6 5. Nf3 cxd4 6. cxd4 d6 7. a3 Nc6 8. Bd3
Qc7 9. O-O dxe5 10. dxe5 Bd7 11. Qe2 Na5 12. Nbd2 Nf4 13. Qe4 Nxd3 14. Qxd3 a6
15. Re1 Rc8 16. Ne4 Bb5 17. Qe3 Rd8 18. Bd2 Nc4 19. Qc3 Rd7 20. Rac1 Qb8 21.
Bf4 Be7 22. a4 Nxb2 23. Nd6+ Bxd6 24. axb5 Bb4 25. Qxb4 Nd3 26. Qa4 axb5 27.
Qxb5 Nxf4 28. Rc4 Nd5 29. Rec1 Ne7 30. Rc7 Nc6 31. R7xc6 O-O 32. Rxe6 Rc7 33.
Rxc7 Qxc7 34. Rb6 Ra8 35. h4 Qc1+ 36. Qf1 Qc7 37. Rb1 h6 38. Qb5 Ra2 39. Qb3
Re2 40. Qxb7 Qc2 41. Nd4 Qe4 42. Nxe2 Qxh4 43. Qc8+ 1-0

[Event "Madrid-ch Semifinal A"]
[Site "Madrid ESP"]
[Date "2016.03.15"]
[Round "5.3"]
[White "Plazuelo Pascual, Juan"]
[Black "Cabañas Bravo, Juan Andres"]
[Result "1-0"]
[WhiteElo "2249"]
[BlackElo "2009"]
[PlyCount "65"]
[EventDate "2016.03.07"]
[EventType "swiss"]
[EventRounds "9"]
[EventCountry "ESP"]
[Source "lmi"]
[SourceDate "2016.03.07"]

1. d4 Nf6 2. c4 g6 3. f3 d5 4. cxd5 Nxd5 5. e4 Nb6 6. Nc3 Bg7 7. Be3 O-O 8. Qd2
Nc6 9. O-O-O e5 10. d5 Nd4 11. f4 Bg4 12. Re1 c5 13. fxe5 Bxe5 14. h3 Qh4 15.
Bd3 f6 16. Kb1 Rfd8 17. Rf1 a6 18. Nf3 Bxf3 19. gxf3 Re8 20. f4 Bd6 21. Bxd4
cxd4 22. Ne2 Rac8 23. Nxd4 Nc4 24. Bxc4 Rxc4 25. Qd3 b5 26. Ne6 Rec8 27. Rhg1
Rc2 28. e5 fxe5 29. Rxg6+ Kh8 30. Rgg1 Rf2 31. Rc1 Re8 32. Qe3 Bb8 33. Rg4 1-0

[Event "Madrid-ch Semifinal A"]
[Site "Madrid ESP"]
[Date "2016.03.15"]
[Round "5.4"]
[White "Lopez de Turiso, Jose Angel"]
[Black "Rottenwohrer Suarez, Juan"]
[Result "1/2-1/2"]
[WhiteElo "2051"]
[BlackElo "1985"]
[PlyCount "60"]
[EventDate "2016.03.07"]
[EventType "swiss"]
[EventRounds "9"]
[EventCountry "ESP"]
[Source "lmi"]
[SourceDate "2016.03.07"]

1. e4 c5 2. Nf3 g6 3. c3 d5 4. exd5 Qxd5 5. Na3 Nf6 6. d4 cxd4 7. Nb5 Na6 8.
Qxd4 Bg7 9. Bc4 Qxd4 10. Nbxd4 O-O 11. O-O e6 12. Re1 Bd7 13. Bf4 Rac8 14. Ne5
Rfd8 15. Bxa6 bxa6 16. Nxd7 Rxd7 17. Be5 Rb7 18. Re2 Nd5 19. Bxg7 Kxg7 20. g3
Rcb8 21. c4 Ne7 22. b3 a5 23. Re5 Rd8 24. Nf3 a4 25. Re3 Nc6 26. Kf1 Na5 27.
Re5 Nc6 28. Rb5 Rdb8 29. Rxb7 Rxb7 30. Nd2 a5 1/2-1/2

[Event "Madrid-ch Semifinal A"]
[Site "Madrid ESP"]
[Date "2016.03.15"]
[Round "5.5"]
[White "Martin Martin, Luis Vicente"]
[Black "Quevedo Marin, Manuel"]
[Result "0-1"]
[WhiteElo "2024"]
[BlackElo "2231"]
[PlyCount "88"]
[EventDate "2016.03.07"]
[EventType "swiss"]
[EventRounds "9"]
[EventCountry "ESP"]
[Source "lmi"]
[SourceDate "2016.03.07"]

1. d4 Nf6 2. Bf4 g6 3. Nf3 Bg7 4. e3 O-O 5. Be2 d6 6. h3 Nc6 7. O-O Nd7 8. Bh2
e5 9. dxe5 Ndxe5 10. Nd4 Re8 11. Nd2 a6 12. c3 Bd7 13. Qc2 Rb8 14. Rfd1 Qc8 15.
N2f3 Nxf3+ 16. Nxf3 b5 17. Rac1 Qb7 18. Qd2 Na5 19. b3 Qb6 20. Bf4 Nb7 21. c4
b4 22. Nd4 Nc5 23. Qc2 Ne4 24. Bf3 Nc3 25. Re1 Qc5 26. Ne2 Bf5 27. Qd2 Ne4 28.
Qd1 g5 29. Bh2 Bb2 30. Rb1 Nc3 31. Nxc3 Bxc3 32. Qd5 Bxb1 33. Qxc5 dxc5 34.
Rxb1 Rbd8 35. Bd5 Be5 36. g3 Kg7 37. Kg2 Bd6 38. Bg1 Be5 39. f4 gxf4 40. gxf4
Bc3 41. Kf3 Rd6 42. e4 Rh6 43. Bxc5 c6 44. Rg1+ Rg6 0-1

[Event "Madrid-ch Semifinal A"]
[Site "Madrid ESP"]
[Date "2016.03.15"]
[Round "5.6"]
[White "Marin Aso, Jose Luis"]
[Black "Nuñez Reiz, Antonio"]
[Result "0-1"]
[WhiteElo "1852"]
[BlackElo "2083"]
[PlyCount "50"]
[EventDate "2016.03.07"]
[EventType "swiss"]
[EventRounds "9"]
[EventCountry "ESP"]
[Source "lmi"]
[SourceDate "2016.03.07"]

1. e4 d5 2. exd5 Qxd5 3. Nf3 Nf6 4. d4 c6 5. c4 Qd8 6. Nc3 g6 7. Be2 Bg7 8. O-O
O-O 9. Be3 Bf5 10. Qd2 Re8 11. Rad1 Na6 12. Bh6 Bh8 13. Ne5 c5 14. g4 Qxd4 15.
Qxd4 cxd4 16. gxf5 dxc3 17. bxc3 Ne4 18. fxg6 hxg6 19. f4 Nxc3 20. Bf3 Nxd1 21.
Rxd1 Nc5 22. Rd5 Rac8 23. Nd7 Nxd7 24. Rxd7 Rxc4 25. Bd5 Rd4 0-1

[Event "Madrid-ch Semifinal A"]
[Site "Madrid ESP"]
[Date "2016.03.15"]
[Round "5.8"]
[White "Corral Aragon, Juan Maria"]
[Black "Martos De La Vega, Alvar"]
[Result "0-1"]
[WhiteElo "1805"]
[BlackElo "1990"]
[PlyCount "122"]
[EventDate "2016.03.07"]
[EventType "swiss"]
[EventRounds "9"]
[EventCountry "ESP"]
[Source "lmi"]
[SourceDate "2016.03.07"]

1. e4 c5 2. Nf3 d6 3. d4 cxd4 4. Nxd4 Nf6 5. Nc3 a6 6. Be3 e5 7. Nf5 Bxf5 8.
exf5 d5 9. Bg5 Bb4 10. a3 Bxc3+ 11. bxc3 Qc8 12. Bxf6 Qxc3+ 13. Ke2 Nc6 14. f3
gxf6 15. Kf2 Qc5+ 16. Ke1 Nd4 17. Bd3 Qc3+ 18. Kf2 Qc5 19. Kf1 Rc8 20. Ra2 Rd8
21. Qe1 Rd6 22. Rb2 b5 23. Qb4 Qc7 24. a4 O-O 25. axb5 Rb8 26. g3 a5 27. Qa4
Qc3 28. Ra2 Qd2 29. Qxa5 Qe3 30. Qe1 Qxf3+ 31. Kg1 e4 32. c3 Qxd3 33. cxd4
Qxd4+ 34. Kg2 Rxb5 35. Ra8+ Kg7 36. Rf1 Rb2+ 37. Kh3 Qd2 38. Qxd2 Rxd2 39. Rf4
h5 40. g4 Rb6 41. Ra3 Rbb2 42. gxh5 Rxh2+ 43. Kg4 Rbg2+ 44. Rg3 Rxg3+ 45. Kxg3
Rxh5 46. Kf2 Kf8 47. Ke3 Rh3+ 48. Kd4 Rd3+ 49. Kc5 Rf3 50. Rh4 Rxf5 51. Kd4 Ke7
52. Rh1 Re5 53. Ke3 Ke6 54. Ra1 Rh5 55. Kd4 Rh3 56. Ra6+ Kf5 57. Kxd5 Rd3+ 58.
Kc4 Rd7 59. Ra1 e3 60. Rf1+ Ke4 61. Rh1 f5 0-1

[Event "Madrid-ch Semifinal A"]
[Site "Madrid ESP"]
[Date "2016.03.15"]
[Round "5.9"]
[White "Perez Ordoñez, Jose Ramon"]
[Black "Ruiz Quevedo, Andres"]
[Result "0-1"]
[WhiteElo "1966"]
[BlackElo "1896"]
[PlyCount "129"]
[EventDate "2016.03.07"]
[EventType "swiss"]
[EventRounds "9"]
[EventCountry "ESP"]
[Source "lmi"]
[SourceDate "2016.03.07"]

1. a3 g6 2. c4 Bg7 3. Nc3 d6 4. g3 e5 5. Bg2 Nf6 6. e3 O-O 7. Nge2 Nc6 8. O-O
Bg4 9. h3 Be6 10. Nd5 Ne7 11. e4 c6 12. Nxe7+ Qxe7 13. d3 d5 14. b3 Rad8 15.
Qc2 Qd7 16. Kh2 dxe4 17. dxe4 Qd3 18. Ra2 Qxc2 19. Rxc2 Rd3 20. b4 Rfd8 21. f4
b5 22. cxb5 cxb5 23. fxe5 Nd7 24. Nf4 Bb3 25. Rc7 Bxe5 26. Rxa7 Rd1 27. Rxd1
Bxd1 28. Nd5 Kg7 29. Bf1 Rc8 30. Ne3 Rxc1 31. Rxd7 Bf3 32. Rd5 Bb2 33. Bg2 Bxg2
34. Kxg2 Bxa3 35. Rxb5 Rb1 36. Nd5 Re1 37. Kf3 Rf1+ 38. Ke2 Rg1 39. Kf2 Rh1 40.
h4 Bb2 41. Rb7 Bd4+ 42. Ke2 Rh2+ 43. Kd3 Be5 44. Nf4 Bxf4 45. gxf4 Rxh4 46. Ke3
Rh3+ 47. Kd4 Rb3 48. b5 Rb4+ 49. Kd5 h5 50. b6 h4 51. Kc5 Rb1 52. Rd7 Rc1+ 53.
Kb5 Rb1+ 54. Kc6 Rc1+ 55. Kb7 h3 56. Rd2 Rc3 57. Kb8 Rb3 58. b7 Rb4 59. Rc2
Rxe4 60. Ka7 Rxf4 61. b8=Q Ra4+ 62. Kb7 Rb4+ 63. Kc7 Rxb8 64. Kxb8 g5 65. Kc7
0-1

[Event "Madrid-ch Semifinal A"]
[Site "Madrid ESP"]
[Date "2016.03.15"]
[Round "5.10"]
[White "Lopez Heras, Arturo"]
[Black "Alvarez Abejon, Amilcar"]
[Result "0-1"]
[WhiteElo "1841"]
[BlackElo "2016"]
[PlyCount "48"]
[EventDate "2016.03.07"]
[EventType "swiss"]
[EventRounds "9"]
[EventCountry "ESP"]
[Source "lmi"]
[SourceDate "2016.03.07"]

1. e4 Nf6 2. e5 Nd5 3. Nc3 e6 4. Nf3 d6 5. d4 Nd7 6. Nxd5 exd5 7. Bd3 dxe5 8.
dxe5 Nc5 9. O-O Nxd3 10. Qxd3 Be7 11. Bf4 O-O 12. Rfe1 Be6 13. Rad1 Qd7 14. c3
h6 15. Nd4 c5 16. Nxe6 fxe6 17. Bxh6 Rf5 18. g4 Rf7 19. Qg6 Bh4 20. Be3 Raf8
21. Rd2 b6 22. g5 Rf3 23. Qh5 Rh3 24. g6 Bxf2+ 0-1

[Event "Madrid-ch Semifinal A"]
[Site "Madrid ESP"]
[Date "2016.03.15"]
[Round "5.11"]
[White "Gonzalez Mateos, Rafael"]
[Black "Perez Cameselle, Francisco Jose"]
[Result "1/2-1/2"]
[WhiteElo "2003"]
[BlackElo "1868"]
[PlyCount "75"]
[EventDate "2016.03.07"]
[EventType "swiss"]
[EventRounds "9"]
[EventCountry "ESP"]
[Source "lmi"]
[SourceDate "2016.03.07"]

1. d4 Nf6 2. c3 g6 3. Bf4 Bg7 4. Nd2 d6 5. e4 O-O 6. Ngf3 c5 7. dxc5 dxc5 8.
Bc4 Nc6 9. h3 Na5 10. Be2 Nh5 11. Bh2 Bh6 12. O-O Nf4 13. Bxf4 Bxf4 14. Nb3
Qxd1 15. Rfxd1 Nxb3 16. axb3 Be6 17. Bc4 Bxc4 18. bxc4 Rfd8 19. g3 Bc7 20. Rd5
Bb6 21. Rad1 Rxd5 22. cxd5 Rd8 23. c4 Bc7 24. Ne1 e6 25. Nd3 exd5 26. exd5 b6
27. b4 cxb4 28. Nxb4 a5 29. Nc6 Rd7 30. Kf1 Bd6 31. Rb1 Bc5 32. Ne5 Re7 33. Nd3
Bd4 34. Rd1 Kf8 35. Nf4 Bc5 36. Nd3 Bd4 37. Nf4 Bc5 38. Nd3 1/2-1/2

[Event "Madrid-ch Semifinal A"]
[Site "Madrid ESP"]
[Date "2016.03.15"]
[Round "5.12"]
[White "Madrigal Muga, Jose M"]
[Black "Camarero Izquierdo, Juan Carlos"]
[Result "1-0"]
[WhiteElo "1982"]
[BlackElo "1844"]
[PlyCount "109"]
[EventDate "2016.03.07"]
[EventType "swiss"]
[EventRounds "9"]
[EventCountry "ESP"]
[Source "lmi"]
[SourceDate "2016.03.07"]

1. e4 c5 2. Nc3 d6 3. a3 Nc6 4. Bc4 Nf6 5. h3 e6 6. d3 Be7 7. Ba2 a6 8. f4 b5
9. Nf3 b4 10. Ne2 O-O 11. O-O a5 12. axb4 cxb4 13. Bb3 Ba6 14. Be3 Rc8 15. Ned4
Nxd4 16. Nxd4 d5 17. e5 Nd7 18. Nf3 Nc5 19. Ba4 Nxa4 20. Rxa4 Bb5 21. Ra1 a4
22. Bd4 Qa5 23. Qd2 Qa6 24. Ne1 a3 25. g4 Rc6 26. f5 exf5 27. gxf5 f6 28. exf6
gxf6 29. Kh1 Kh8 30. Rg1 Qc8 31. bxa3 bxa3 32. Qg2 Rg8 33. Qxd5 Rxg1+ 34. Kxg1
Rd6 35. Qxb5 Rxd4 36. Ng2 Bc5 37. Kh1 Rb4 38. Qa5 Qxf5 39. Qd8+ Kg7 40. Qc7+
Kh6 41. Qg3 Bf2 42. Ne3 Bxe3 43. Qxe3+ Kh5 44. Qe2+ Kh4 45. Qe1+ Kxh3 46. Qe3+
Kh4 47. Rxa3 Qh3+ 48. Qxh3+ Kxh3 49. d4+ Kg4 50. Rd3 Kf5 51. d5 Rb7 52. d6 Rd7
53. c4 Ke4 54. Rd1 Rg7 55. d7 1-0

[Event "Madrid-ch Semifinal A"]
[Site "Madrid ESP"]
[Date "2016.03.15"]
[Round "5.13"]
[White "Camacho Casado, Demetrio"]
[Black "Martin-Consuegra Barrilero, Francisco Javier"]
[Result "1/2-1/2"]
[WhiteElo "1899"]
[BlackElo "1841"]
[PlyCount "42"]
[EventDate "2016.03.07"]
[EventType "swiss"]
[EventRounds "9"]
[EventCountry "ESP"]
[Source "lmi"]
[SourceDate "2016.03.07"]

1. f4 d5 2. Nf3 Bg4 3. Ne5 Bf5 4. d3 Nd7 5. g3 e6 6. Bg2 Nxe5 7. fxe5 Bc5 8. d4
Be7 9. O-O Bg5 10. Nc3 Bxc1 11. Qxc1 Nh6 12. Qf4 Bxc2 13. Rac1 Bg6 14. Nb5 O-O
15. Nxc7 Rc8 16. Nb5 Qb6 17. a4 a6 18. Nd6 Rxc1 19. Rxc1 Nf5 20. Nxf5 Bxf5 21.
Qd2 f6 1/2-1/2

[Event "Madrid-ch Semifinal A"]
[Site "Madrid ESP"]
[Date "2016.03.15"]
[Round "5.14"]
[White "Valencia De Loma, Sergio"]
[Black "Yague Sanchez, Sergio"]
[Result "0-1"]
[WhiteElo "1689"]
[BlackElo "1893"]
[PlyCount "64"]
[EventDate "2016.03.07"]
[EventType "swiss"]
[EventRounds "9"]
[EventCountry "ESP"]
[Source "lmi"]
[SourceDate "2016.03.07"]

1. Nf3 d5 2. g3 Nf6 3. Bg2 e6 4. O-O Be7 5. d3 O-O 6. Nbd2 c5 7. Re1 Bd7 8. e4
dxe4 9. dxe4 Bc6 10. e5 Nd5 11. c3 Qc7 12. Nf1 Rd8 13. Qc2 Nd7 14. h4 c4 15.
N1h2 Nc5 16. Ng5 Nd3 17. Re2 h6 18. Ngf3 Bc5 19. h5 Ne7 20. Ng4 Nf5 21. Kf1 Qb6
22. Bf4 Bd5 23. Ne1 Qc6 24. Bh3 Bf3 25. Nxf3 Qxf3 26. Kg1 Nxf4 27. gxf4 Qxh3
28. Nh2 Rd3 29. Kh1 Nh4 30. Rg1 Nf3 31. Rg2 Nxh2 32. Rxh2 Qf1# 0-1

[Event "Madrid-ch Semifinal A"]
[Site "Madrid ESP"]
[Date "2016.03.15"]
[Round "5.15"]
[White "Lozano Sanchez, Jose Antonio"]
[Black "Roldan Garcia, Angel"]
[Result "1/2-1/2"]
[WhiteElo "1886"]
[BlackElo "1840"]
[PlyCount "57"]
[EventDate "2016.03.07"]
[EventType "swiss"]
[EventRounds "9"]
[EventCountry "ESP"]
[Source "lmi"]
[SourceDate "2016.03.07"]

1. e4 c5 2. Nf3 e6 3. Bc4 Nc6 4. Nc3 a6 5. a4 Nf6 6. d3 d5 7. exd5 exd5 8. Bb3
Be7 9. h3 O-O 10. O-O h6 11. Bf4 Be6 12. Re1 Re8 13. Ne2 Bd6 14. c3 Nh5 15. Bd2
Qf6 16. Nc1 Nf4 17. Bxf4 Qxf4 18. Ne2 Qf6 19. Ng3 Bxg3 20. fxg3 Rad8 21. d4
cxd4 22. Nxd4 Nxd4 23. Qxd4 Qxd4+ 24. cxd4 Rc8 25. Rac1 Red8 26. Kf2 Kf8 27.
Ke3 Re8 28. Rxc8 Rxc8 29. Kd2 1/2-1/2

[Event "Madrid-ch Semifinal A"]
[Site "Madrid ESP"]
[Date "2016.03.15"]
[Round "5.16"]
[White "Pashov, Spas Nikolov"]
[Black "Rosa Ramirez, Victor D"]
[Result "1-0"]
[WhiteElo "1834"]
[BlackElo "1971"]
[PlyCount "105"]
[EventDate "2016.03.07"]
[EventType "swiss"]
[EventRounds "9"]
[EventCountry "ESP"]
[Source "lmi"]
[SourceDate "2016.03.07"]

1. e4 e6 2. d4 d5 3. Nd2 Nf6 4. e5 Nfd7 5. Bd3 c5 6. c3 Nc6 7. Ne2 cxd4 8. cxd4
f6 9. exf6 Nxf6 10. O-O Bd6 11. Nf3 O-O 12. a3 Bd7 13. Bg5 h6 14. Bh4 Qb6 15.
Nc3 a6 16. b4 Rae8 17. Re1 Na7 18. Bg3 Bxg3 19. hxg3 Ng4 20. Re2 Rc8 21. Qd2
Qc7 22. Rc1 Rf6 23. Nh2 Nxh2 24. Kxh2 Nb5 25. Bxb5 Bxb5 26. Re3 Bc4 27. Rce1
Qf7 28. f3 b5 29. Re5 Re8 30. Qe3 g5 31. Nd1 Qg6 32. Nf2 Rf7 33. Rxe6 Rxe6 34.
Qxe6 Qxe6 35. Rxe6 h5 36. Rg6+ Rg7 37. Rxa6 g4 38. a4 bxa4 39. Rxa4 Rb7 40.
fxg4 hxg4 41. Nxg4 Bb3 42. Ra8+ Kg7 43. Ne5 Rxb4 44. Nf3 Bd1 45. g4 Bxf3 46.
gxf3 Rxd4 47. Ra6 Rd1 48. Kg3 Kf7 49. Kf4 Re1 50. Rd6 Rd1 51. Ke5 Rf1 52. f4
Rg1 53. g5 1-0

[Event "Madrid-ch Semifinal A"]
[Site "Madrid ESP"]
[Date "2016.03.15"]
[Round "5.17"]
[White "Garcia Gutierrez, Jose"]
[Black "Marcos Herrero, Francisco"]
[Result "1/2-1/2"]
[WhiteElo "1947"]
[BlackElo "1963"]
[PlyCount "53"]
[EventDate "2016.03.07"]
[EventType "swiss"]
[EventRounds "9"]
[EventCountry "ESP"]
[Source "lmi"]
[SourceDate "2016.03.07"]

1. e4 c5 2. b3 e5 3. Bb2 Nc6 4. Nf3 d6 5. Bc4 Be7 6. Nc3 Nf6 7. h3 a6 8. d3 O-O
9. O-O b5 10. Bd5 Nxd5 11. Nxd5 f5 12. Qe2 Be6 13. c4 Ra7 14. Rab1 f4 15. Kh2
Bf6 16. g4 Nd4 17. Bxd4 exd4 18. Nxf4 Bc8 19. Nd5 Raf7 20. Kg2 g6 21. Nxf6+
Qxf6 22. Nh2 Qf4 23. f3 h5 24. Rbe1 h4 25. Qf2 g5 26. Re2 Qe5 27. Qe1 1/2-1/2

[Event "Madrid-ch Semifinal A"]
[Site "Madrid ESP"]
[Date "2016.03.16"]
[Round "6.1"]
[White "Pastor Alonso De Prado, Alberto"]
[Black "Longa Yauca, Javier"]
[Result "1-0"]
[WhiteElo "2141"]
[BlackElo "2276"]
[PlyCount "73"]
[EventDate "2016.03.07"]
[EventType "swiss"]
[EventRounds "9"]
[EventCountry "ESP"]
[Source "lmi"]
[SourceDate "2016.03.07"]

1. e4 Nc6 2. Nf3 d6 3. d4 e6 4. Nc3 Nf6 5. Be2 d5 6. Bg5 Be7 7. e5 Ne4 8. Bxe7
Qxe7 9. O-O O-O 10. Ne1 b6 11. Nxe4 dxe4 12. c3 Bb7 13. Qc2 Rad8 14. f3 e3 15.
Rd1 f5 16. f4 g5 17. Qc1 gxf4 18. Rxf4 Qg5 19. Qxe3 Ne7 20. Rg4 Qxg4 21. Bxg4
fxg4 22. Qg5+ Ng6 23. Qxg4 Kh8 24. Nd3 Rf5 25. Rf1 Rxf1+ 26. Kxf1 Ba6 27. Qg3
c5 28. Ke1 cxd4 29. Nb4 Bb7 30. Qg5 Rf8 31. cxd4 a5 32. Nc2 Be4 33. Ne3 Nf4 34.
Ng4 Nxg2+ 35. Kd2 Rf3 36. h4 Bd5 37. h5 1-0

[Event "Madrid-ch Semifinal A"]
[Site "Madrid ESP"]
[Date "2016.03.16"]
[Round "6.2"]
[White "Iagar, Razvan-Gabriel"]
[Black "Plazuelo Pascual, Juan"]
[Result "1/2-1/2"]
[WhiteElo "2136"]
[BlackElo "2249"]
[PlyCount "50"]
[EventDate "2016.03.07"]
[EventType "swiss"]
[EventRounds "9"]
[EventCountry "ESP"]
[Source "lmi"]
[SourceDate "2016.03.07"]

1. d4 Nf6 2. c4 b6 3. Nf3 Bb7 4. g3 g6 5. Bg2 Bg7 6. Nc3 O-O 7. O-O Ne4 8. Bd2
c5 9. Nxe4 Bxe4 10. Bc3 Nc6 11. e3 Rc8 12. b3 d5 13. Rc1 dxc4 14. dxc5 Bxc3 15.
Rxc3 Bd3 16. Re1 b5 17. bxc4 Bxc4 18. a4 Qa5 19. Qa1 a6 20. axb5 axb5 21. Nd2
Qb4 22. Nxc4 bxc4 23. Rec1 Na5 24. c6 Rfd8 25. h4 h5 1/2-1/2

[Event "Madrid-ch Semifinal A"]
[Site "Madrid ESP"]
[Date "2016.03.16"]
[Round "6.3"]
[White "Quevedo Marin, Manuel"]
[Black "Lopez de Turiso, Jose Angel"]
[Result "1-0"]
[WhiteElo "2231"]
[BlackElo "2051"]
[PlyCount "145"]
[EventDate "2016.03.07"]
[EventType "swiss"]
[EventRounds "9"]
[EventCountry "ESP"]
[Source "lmi"]
[SourceDate "2016.03.07"]

1. e4 e5 2. Nc3 Nf6 3. f4 d5 4. fxe5 Nxe4 5. Nf3 Bc5 6. Qe2 Bf2+ 7. Kd1 Nxc3+
8. dxc3 Bh4 9. g3 Be7 10. Bg2 c5 11. Bf4 Nc6 12. Qd2 h6 13. h4 Bg4 14. Kc1 Qd7
15. b3 O-O-O 16. Kb2 Be6 17. Rad1 Qc7 18. Bh3 Qa5 19. Bxe6+ fxe6 20. h5 a6 21.
Nh4 Na7 22. Ng6 Rhe8 23. Be3 Nc6 24. Rhf1 c4 25. b4 Qc7 26. a3 Rd7 27. Qe2 b6
28. Qf2 Kb7 29. Qf7 Qd8 30. Qf3 Bg5 31. Bd4 Nxd4 32. cxd4 Rc7 33. c3 Qd7 34.
Qe2 Qa4 35. Qc2 Qxc2+ 36. Kxc2 Kc6 37. a4 b5 38. axb5+ axb5 39. Ra1 Kb6 40. Ra5
Rb8 41. Kd1 Rbb7 42. Ra8 Rf7 43. Rxf7 Rxf7 44. Rf8 Ra7 45. Re8 Ra3 46. Rxe6+
Kc7 47. Kc2 Ra2+ 48. Kb1 Rg2 49. Nf4 Bxf4 50. gxf4 Rf2 51. Rg6 Rxf4 52. Rxg7+
Kc8 53. Rg6 Rf1+ 54. Kc2 Rf2+ 55. Kd1 Rf1+ 56. Ke2 Rc1 57. Kd2 Rh1 58. Rxh6
Rh2+ 59. Ke3 Rh3+ 60. Kf4 Rxc3 61. Rc6+ Kb7 62. Rc5 Kb6 63. Rxd5 Rh3 64. e6
Rh4+ 65. Kg5 Re4 66. Kf5 Re1 67. h6 Rf1+ 68. Ke5 c3 69. Rc5 Rh1 70. e7 Rh5+ 71.
Kd6 Rxh6+ 72. Kd7 Rh7 73. Rxc3 1-0